[Event "Maastricht Limburg op-B 7th"]
[Site "Maastricht"]
[Date "2013.05.17"]
[Round "1"]
[White "Santiago, Gerardo"]
[Black "Vaneylen, Urbain"]
[Result "1-0"]
[WhiteElo "1883"]
[BlackElo "1696"]
[PlyCount "99"]
[EventDate "2013.05.17"]
[EventType "swiss"]
[EventRounds "7"]
[EventCountry "NED"]
[SourceTitle "EXT 2014"]
[Source "ChessBase"]
[SourceDate "2013.11.20"]
[SourceVersion "1"]
[SourceVersionDate "2013.11.20"]
[SourceQuality "1"]

1. e4 b6 2. d4 Bb7 3. Nc3 e6 4. f3 Bb4 5. Bd2 d5 6. Bb5+ c6 7. Bd3 Ba6 8. Qe2 Bxd3 9. Qxd3 Nf6 10. e5 Nfd7 11. 0-0-0 c5 12. Nb5 Bxd2+ 13. Rxd2 0-0 14. f4 cxd4 15. Nf3 Nc6 16. Ng5 g6 17. Qh3 h5 18. Nxe6 Qe7 19. Nxf8 Nxf8 20. g4 Qd7 21. Rg1 hxg4 22. Qxg4 Nxe5 23. fxe5 Qxb5 24. Rd3 Qc4 25. b3 Qa6 26. Kb1 Rc8 27. Qxd4 Qb5 28. Rh3 Qc5 29. Qxc5 bxc5 30. Rf3 Re8 31. Rgf1 Re7 32. Rf6 Ne6 33. Kb2 Kg7 34. c4 d4 35. Kc2 Nd8 36. Rd6 Ne6 37. a3 Ng5 38. Rc6 Rxe5 39. h4 Ne6 40. Ra6 Rf5 41. Rxf5 gxf5 42. Rxa7 f4 43. Kd1 Kg6 44. b4 f3 45. Rd7 Nf4 46. Ke1 cxb4 47. axb4 Nd3+ 48. Kf1 Nxb4 49. Rxd4 Nc6 50. Rd6+ 1-0

[Event "Maastricht Limburg op-B 6th"]
[Site "Maastricht"]
[Date "2012.05.26"]
[Round "3"]
[White "Santiago, Gerardo"]
[Black "Dijkstra, Hidde"]
[Result "1-0"]
[WhiteElo "1714"]
[BlackElo "1665"]
[PlyCount "69"]
[EventDate "2012.05.25"]
[EventType "swiss"]
[EventRounds "7"]
[EventCountry "NED"]
[SourceTitle "EXT 2013"]
[Source "ChessBase"]
[SourceDate "2012.11.22"]
[SourceVersion "1"]
[SourceVersionDate "2012.11.22"]
[SourceQuality "1"]

1. e4 e5 2. Nf3 Nc6 3. d4 exd4 4. Bc4 Nf6 5. 0-0 Be7 6. e5 Ne4 7. Re1 d5 8. exd6 Nxd6 9. Bd5 Bg4 10. Bxc6+ bxc6 11. Qxd4 Bxf3 12. gxf3 0-0 13. Nc3 Bf6 14. Qd3 Rb8 15. Rb1 Re8 16. Be3 a5 17. b3 g6 18. Ne4 Bg7 19. Rbd1 Nf5 20. Qc4 Qh4 21. Rd7 Re6 22. Rxf7 Rbe8 23. Bg5 Qxg5+ 24. Nxg5 Rxe1+ 25. Kg2 Nd6 26. Rxg7+ Kxg7 27. Qxc6 R8e7 28. Qc3+ Kh6 29. Qd2 R1e2 30. Qf4 Kg7 31. Qd4+ Kg8 32. Qd5+ Kg7 33. c4 Rxa2 34. Ne6+ Kh6 35. Qg5# 1-0